000 00725cam a2200241 4500
001 15227
003 BD-RjUL
005 20211208235756.0
008 140209s1981 ii b 000 0 eng
035 _a(BD-RjUL)
040 _aDLC
_cBD-RjUL
_dDLC
_beng
041 _aeng
082 _221
_a658
_bBAP 1981
100 1 _aBanerjee, Shyamal
_947345
245 1 0 _aPrinciples and practice of management
_c[by] Shyamal Banerjee
260 _aNew Dellhi
_bDhawan Printing Works
_c[c1981]
300 _axiii, 724 p.;
_c26 cm.
504 _aIncludes bibliographical references.
650 0 _aIndustrial management
_xStudy and teaching.
_945961
650 0 _aExecutives
_xTraining of.
_946032
942 _2ddc
_cBK
999 _c15227
_d15227